[Event "Sparkassen-Open J"]
[Site "Heusenstamm, Martinsee"]
[Date "2022.11.20"]
[Round "7.33"]
[White "Paul, Jenna"]
[Black "Selvaraj, Vibhaakar"]
[Result "1-0"]
[WhiteElo "868"]
[BlackElo "760"]
[PlyCount "73"]
[EventDate "2022.??.??"]
[WhiteTeam "TV-Großostheim"]
[BlackTeam "VSG 1880 Offenbach"]

1. e4 g6 2. d4 Bg7 3. Nf3 Nf6 4. Nc3 O-O 5. Bc4 d6 6. O-O Bg4 7. Be2 Qd7 8. h3
Bxh3 9. gxh3 Qxh3 10. Ng5 a6 11. Nxh3 e5 12. dxe5 dxe5 13. Bg5 Nbd7 14. Bg4
Rad8 15. Qf3 h5 16. Bxd7 Rxd7 17. Bxf6 Re8 18. Rad1 b5 19. Rxd7 Kh7 20. Ng5+
Kh6 21. Rxf7 Rg8 22. Bxg7+ Rxg7 23. Rxg7 Kxg7 24. Rd1 Kh6 25. Qf4 exf4 26. Nf7+
Kg7 27. Rd7 Kf6 28. Rxc7 g5 29. Kg2 g4 30. Nd5+ Kg6 31. Nxf4+ Kg7 32. Nxh5+ Kg6
33. e5 Kxh5 34. e6 Kh4 35. e7 g3 36. fxg3+ Kg4 37. e8=Q 1-0